Die zollrechtlichen Bestimmungen für das Gebiet der Freien Stadt Danzig und Polen

Titel: Die zollrechtlichen Bestimmungen für das Gebiet der Freien Stadt Danzig und Polen : Ausführungs-Anweisungen und Erläuterungen / hrsg. vom Landeszollamt der Freien Stadt Danzig
Körperschaft:
Ausgabe: amtl. dt. Übers.
Veröffentlicht: Danzig : Kafemann, [ca. 1928]
Umfang: 372 S.
Format: Buch
Sprache: Deutsch
Kein Bild verfügbar
X
Lokale Klassifikation: 7 13 D ; 7 12 G ; 7 13 H ; 32 13 H
alg: 12478299
001A    $03004:17-11-04 
001B    $01999:26-05-23 $t18:29:02.000 
001D    $03004:17-11-04 
001U    $0utf8 
001X    $00 
002@    $0Aau 
003@    $012478299X 
003O    $0177321053 $aOCoLC 
007A    $012478299X $aHEB 
007T    $0Herdhh12478299X 
010@    $ager 
011@    $a1928 $n[ca. 1928] 
021A    $aDie @zollrechtlichen Bestimmungen für das Gebiet der Freien Stadt Danzig und Polen $dAusführungs-Anweisungen und Erläuterungen $hhrsg. vom Landeszollamt der Freien Stadt Danzig 
029F    $#Landeszollamt Danzig $75510628-6 $8Danzig$bLandeszollamt [Tb1] $9096028653 
032@    $aamtl. dt. Übers. 
033A    $pDanzig $nKafemann 
034D    $a372 S. 
045F    $a330.094382 $eDDC23BSB 
045F/01 $a330.09 
045F/03 $g4382 
045F/03 $g438 
045F/03 $g43832 
045G    $a340.09 $eDDC23BSB 
045G/01 $a340.09 
045G/03 $f0904 
045G/03 $g4382 

lok: 12478299 24
101B    $017-11-04 $t14:45:48.000 
101C    $017-11-04 
145Z/01 $a7 13 D 
145Z/02 $a7 12 G 
145Z/03 $a7 13 H 
145Z/04 $a32 13 H 
101U    $0utf8 

exp: 12478299 24 1 #EPN
201B/01 $017-11-04 $t14:45:48.000 
201C/01 $017-11-04 
203@/01 $0221947205 
208@/01 $a17-11-04 $br 
209A/01 $a7 XIII D 32 $du $f050 $h7 13 D 32 $x00 
209C/01 $aG 88 3835 $h88 3835 G 
209G/01 $a70756455 $x00 
220C/01 $agro 
237A/01 $aFotokopie 
247C/01 $8358050-7 Marburg, Bibliothek des Herder-Instituts Marburg $9102600961 
201U/01 $0utf8 

lok: 12478299 78

exp: 12478299 78 1 #EPN
201B/01 $019-04-17 $t19:33:57.000 
201U/01 $0utf8 
203@/01 $0793806798 
208@/01 $a12-11-16 $be 
209A/01 $a/ $f000 $x00 
237A/01 $aweiterführende Signatur(en): Herder-Institut: 7 XIII D 32 
244Z/01 $2Trx $#Prusy Wschodnie i Zachodnie $8--Trx--Ost- und Westpreußen $x01 $939113373X 
244Z/01 $2Trx $#Poola $#Lenkija $#Polija $#Polen Land $#Poland $#Lengyelország $#Poľsko $#Polsko $8--Trx--Polska$gkraj $x02 $9391345966 
245Z/01 $a09.04 $x01 
247C/01 $82080>Marburg/Lahn, Herder-Institut, Forschungsbibliothek, Bibliographieportal $9336309341
LEADER 00000cam a2200000 c 4500
001 12478299X
003 DE-603
005 20230526182902.0
007 tu
008 041117s1928 xx |||| | u00||u|ger c
035 |a (DE-599)HEB12478299X 
035 |a (OCoLC)177321053 
040 |a DE-603  |b ger  |c DE-603  |d DE-603 
041 |a ger 
082 0 4 |8 1\u  |a 330.094382  |q DE-101  |2 23/BSB 
083 0 |8 2\u  |a 340.09  |q DE-101  |2 23/BSB 
085 |8 1\u  |b 330.09 
085 |8 1\u  |z 2  |s 4382 
085 |8 1\u  |z 2  |s 438 
085 |8 1\u  |z 2  |s 43832 
085 |8 2\u  |b 340.09 
085 |8 2\u  |z 1  |s 0904 
085 |8 2\u  |z 2  |s 4382 
245 0 0 |a ˜Dieœ zollrechtlichen Bestimmungen für das Gebiet der Freien Stadt Danzig und Polen  |b Ausführungs-Anweisungen und Erläuterungen  |c hrsg. vom Landeszollamt der Freien Stadt Danzig 
250 |a amtl. dt. Übers. 
264 1 |a Danzig  |b Kafemann  |c [ca. 1928] 
300 |a 372 S. 
710 1 |a Danzig  |b Landeszollamt  |0 (DE-603)096028653  |0 (DE-588)5510628-6  |2 gnd 
924 0 |9 Mb 50  |a (DE-603)221947205  |b DE-Mb50  |c HES  |d c  |g 7 XIII D 32 
924 0 |9 2080  |a (DE-603)793806798  |b DE-2080  |c HES  |d d  |g /